[Event "Poiana Brasov op"]
[Site "Poiana Brasov"]
[Date "2022.07.26"]
[Round "4"]
[White "Nahornyi, Ihor"]
[Black "Minescu, Dragos Olivar"]
[Result "1-0"]
[WhiteElo "2123"]
[BlackElo "2013"]
[PlyCount "35"]
[EventDate "2022.07.24"]
[EventType "swiss"]
[EventRounds "9"]
[EventCountry "ROU"]
[SourceTitle "EXT 2023"]
[Source "ChessBase"]
[SourceDate "2022.10.05"]
[SourceVersion "1"]
[SourceVersionDate "2022.10.05"]
[SourceQuality "1"]

1. e4 d6 2. d4 Nf6 3. Nc3 e5 4. Nf3 Nbd7 5. Rg1 c5 6. dxe5 Nxe5 7. Nxe5 dxe5 8. Qxd8+ Kxd8 9. Bg5 Be7 10. 0-0-0+ Ke8 11. f4 Bd7 12. fxe5 Ng4 13. Bf4 g5 14. Bg3 h5 15. h3 h4 16. hxg4 hxg3 17. Bb5 Rd8 18. Rxd7 1-0

[Event "Cap Aurora FISCA op"]
[Site "Cap Aurora"]
[Date "2022.06.28"]
[Round "8"]
[White "Olteanu, Gabriel Luca"]
[Black "Minescu, Dragos Olivar"]
[Result "0-1"]
[WhiteElo "1434"]
[BlackElo "2013"]
[PlyCount "56"]
[EventDate "2022.06.22"]
[EventType "swiss"]
[EventRounds "9"]
[EventCountry "ROU"]
[SourceTitle "EXT 2023"]
[Source "ChessBase"]
[SourceDate "2022.10.05"]
[SourceVersion "1"]
[SourceVersionDate "2022.10.05"]
[SourceQuality "1"]

1. e4 c5 2. Nf3 a6 3. d4 cxd4 4. Nxd4 Nf6 5. Nc3 e5 6. Nf3 Bb4 7. Bd2 Nc6 8. Bc4 0-0 9. 0-0 d6 10. h3 Bxc3 11. Bxc3 Nxe4 12. Re1 Nxc3 13. bxc3 Be6 14. Bd5 Rc8 15. Re3 Qe7 16. Rb1 Na5 17. Qd3 Bxd5 18. Qxd5 Rc5 19. Qd3 Rfc8 20. Nd4 g6 21. Nb3 Rb5 22. a4 Rb6 23. Re4 Qc7 24. Rd1 Nxb3 25. cxb3 Qxc3 26. Qf1 Qxb3 27. Ree1 Qxa4 28. Ra1 Qb5 0-1

[Event "Cap Aurora FISCA op"]
[Site "Cap Aurora"]
[Date "2022.06.23"]
[Round "2"]
[White "Minescu, Dragos Olivar"]
[Black "Schiopu, Oana Magdalena"]
[Result "1-0"]
[WhiteElo "2013"]
[BlackElo "1683"]
[PlyCount "67"]
[EventDate "2022.06.22"]
[EventType "swiss"]
[EventRounds "9"]
[EventCountry "ROU"]
[SourceTitle "EXT 2023"]
[Source "ChessBase"]
[SourceDate "2022.10.05"]
[SourceVersion "1"]
[SourceVersionDate "2022.10.05"]
[SourceQuality "1"]

1. f4 d5 2. Nf3 c5 3. e3 Nf6 4. b3 g6 5. Bb2 Bg7 6. Bb5+ Bd7 7. Qe2 a6 8. Bxd7+ Nbxd7 9. a4 0-0 10. 0-0 Rc8 11. Na3 Qb6 12. Rab1 Ne4 13. c4 e6 14. Bxg7 Kxg7 15. Rfc1 Ndf6 16. d3 Nd6 17. Qb2 h5 18. Nc2 Rfd8 19. Ng5 dxc4 20. dxc4 Qc6 21. Ne1 Nde4 22. Nef3 Kg8 23. Nxf7 Rf8 24. N7e5 Qe8 25. Rd1 Rc7 26. Rd3 Ng4 27. Rf1 Ngf2 28. Rxf2 Nxf2 29. Kxf2 b5 30. axb5 axb5 31. Ng5 b4 32. Rd6 Re7 33. Nc6 Rf5 34. Rd8 1-0

[Event "Baia Mare Castanelor Cup 7th"]
[Site "Baia Mare"]
[Date "2021.11.29"]
[Round "6"]
[White "Maresanu, Mina Andrei"]
[Black "Minescu, Dragos Olivar"]
[Result "1-0"]
[WhiteElo "1773"]
[BlackElo "2037"]
[PlyCount "69"]
[EventDate "2021.11.28"]
[EventType "swiss (rapid)"]
[EventRounds "9"]
[EventCountry "ROU"]
[SourceTitle "CBM 205 Extra"]
[Source "ChessBase"]
[SourceDate "2022.01.31"]
[SourceVersion "1"]
[SourceVersionDate "2022.01.31"]
[SourceQuality "1"]

1. e4 d6 2. d4 Nf6 3. Nc3 e5 4. dxe5 dxe5 5. Qxd8+ Kxd8 6. Nf3 Bd6 7. Be3 a6 8. 0-0-0 Nbd7 9. h3 h6 10. g4 b5 11. a3 Bb7 12. Bd3 Ke7 13. Rhe1 c5 14. Nh4 g6 15. Nd5+ Nxd5 16. exd5 Nf6 17. c4 bxc4 18. Bxc4 Kf8 19. Nf3 Kg7 20. Nxe5 Bxe5 21. Bxh6+ Rxh6 22. Rxe5 Rxh3 23. Re7 Bc8 24. d6 Nxg4 25. Rxf7+ Kh6 26. d7 Bxd7 27. Rdxd7 Ne5 28. Rh7+ Kg5 29. Rxh3 Nxd7 30. Rd3 Nf6 31. Rd6 a5 32. f4+ Kf5 33. Bd3+ Kxf4 34. Rxf6+ Ke3 35. Bxg6 1-0

[Event "Baia Mare Castanelor Cup 7th"]
[Site "Baia Mare"]
[Date "2021.11.28"]
[Round "5"]
[White "Trifoi, Mihaela Ioana"]
[Black "Minescu, Dragos Olivar"]
[Result "0-1"]
[WhiteElo "1893"]
[BlackElo "2037"]
[PlyCount "100"]
[EventDate "2021.11.28"]
[EventType "swiss (rapid)"]
[EventRounds "9"]
[EventCountry "ROU"]
[SourceTitle "CBM 205 Extra"]
[Source "ChessBase"]
[SourceDate "2022.01.31"]
[SourceVersion "1"]
[SourceVersionDate "2022.01.31"]
[SourceQuality "1"]

1. e4 d6 2. d4 Nf6 3. Bd3 e5 4. c3 Be7 5. Nf3 Nbd7 6. 0-0 0-0 7. b4 a5 8. bxa5 Rxa5 9. Nbd2 b5 10. Re1 c6 11. a4 Ba6 12. Nb3 Rxa4 13. Rxa4 bxa4 14. Bxa6 axb3 15. Qxb3 Qc7 16. Qb7 Qxb7 17. Bxb7 c5 18. dxe5 Nxe5 19. Nxe5 dxe5 20. c4 Rb8 21. Bd5 Rb1 22. Bd2 Rxe1+ 23. Bxe1 Bd8 24. Bc6 Kf8 25. f3 Ke7 26. Kf2 Kd6 27. Bb5 Ng8 28. Ke2 Bg5 29. Kd3 Bc1 30. Bf2 Bb2 31. Be3 Bd4 32. Bd2 Ne7 33. f4 exf4 34. Bxf4+ Be5 35. g3 f6 36. Be3 h6 37. Be8 g5 38. Bf2 Nc8 39. h4 Nb6 40. hxg5 fxg5 41. Bf7 Nd7 42. Ke2 Bd4 43. Be1 Ke5 44. g4 Kf4 45. Bd2+ Kxe4 46. Bg6+ Ke5 47. Kf3 Kf6 48. Bf5 Ne5+ 49. Ke4 Nxc4 50. Bc1 Nd6+ 0-1

[Event "Jupiter FISCA op"]
[Site "Jupiter"]
[Date "2021.06.28"]
[Round "6"]
[White "Daianu, Cristian Clement"]
[Black "Minescu, Dragos Olivar"]
[Result "1/2-1/2"]
[WhiteElo "2205"]
[BlackElo "2026"]
[PlyCount "24"]
[EventDate "2021.06.23"]
[EventType "swiss"]
[EventRounds "9"]
[EventCountry "ROU"]
[SourceTitle "EXT 2022"]
[Source "ChessBase"]
[SourceDate "2021.10.06"]
[SourceVersion "1"]
[SourceVersionDate "2021.10.06"]
[SourceQuality "1"]

1. e4 d6 2. d4 Nf6 3. Nc3 e5 4. Nf3 Nbd7 5. Bc4 h6 6. a4 a5 7. 0-0 Be7 8. Re1 0-0 9. h3 c6 10. Be3 Re8 11. d5 Nb6 12. Bf1 cxd5 1/2-1/2

[Event "Jupiter FISCA op"]
[Site "Jupiter"]
[Date "2021.06.27"]
[Round "5"]
[White "Minescu, Dragos Olivar"]
[Black "Secrieru, Andrei Cristian"]
[Result "1/2-1/2"]
[WhiteElo "2026"]
[BlackElo "1917"]
[PlyCount "25"]
[EventDate "2021.06.23"]
[EventType "swiss"]
[EventRounds "9"]
[EventCountry "ROU"]
[SourceTitle "EXT 2022"]
[Source "ChessBase"]
[SourceDate "2021.10.06"]
[SourceVersion "1"]
[SourceVersionDate "2021.10.06"]
[SourceQuality "1"]

1. g3 Nf6 2. Bg2 g6 3. b3 Bg7 4. Bb2 0-0 5. c4 d6 6. e3 Nbd7 7. Ne2 c6 8. d4 e5 9. Nbc3 Qc7 10. 0-0 Rd8 11. Rc1 Ne8 12. f4 f5 13. Qd2 1/2-1/2

[Event "Wch Seniors 50 29th"]
[Site "Bucharest"]
[Date "2019.11.22"]
[Round "10"]
[White "Minescu, Dragos Olivar"]
[Black "Angskog, Kent"]
[Result "1-0"]
[WhiteElo "2046"]
[BlackElo "2149"]
[PlyCount "143"]
[EventDate "2019.11.12"]
[EventType "swiss"]
[EventRounds "11"]
[EventCountry "ROU"]
[SourceTitle "CBM 193 Extra"]
[Source "ChessBase"]
[SourceDate "2020.01.31"]
[SourceVersion "1"]
[SourceVersionDate "2020.01.31"]
[SourceQuality "1"]

1. c4 b6 2. Nc3 Bb7 3. e4 e6 4. d4 Bb4 5. Bd3 f5 6. d5 fxe4 7. Bxe4 Nf6 8. Bf3 0-0 9. Nge2 e5 10. 0-0 Bxc3 11. Nxc3 d6 12. Ne4 h6 13. b3 Nbd7 14. Be3 Bc8 15. Qe2 Qe8 16. Rae1 Qg6 17. Bc1 Nc5 18. Nxc5 dxc5 19. g3 Bf5 20. Rd1 a5 21. Rd2 e4 22. Bg2 a4 23. Re1 axb3 24. axb3 h5 25. Rb2 h4 26. b4 cxb4 27. Rxb4 Ng4 28. Bb2 Ra2 29. h3 Ne5 30. g4 Bxg4 31. hxg4 Nxg4 32. Qxe4 Qf5 33. Bc1 Qh5 34. Rb2 Rxb2 35. Bxb2 h3 36. Bf3 h2+ 37. Kg2 h1Q+ 38. Rxh1 Qxh1+ 39. Kxh1 Nxf2+ 40. Kg2 Nxe4 41. Bxe4 Ra8 42. Bd4 Ra3 43. Kf2 Kf8 44. c5 g5 45. Bf5 Ke7 46. c6 Rb3 47. Be6 Ra3 48. Ke2 Rb3 49. Kd2 Ra3 50. Kc2 Rg3 51. Bxb6 Kd8 52. Ba5 Rf3 53. Bd2 Rg3 54. Be1 Re3 55. Bd2 Rg3 56. Kd1 Ke8 57. Ba5 Kd8 58. Ke1 Rg1+ 59. Kf2 Rd1 60. Kf3 Rd4 61. Kg3 g4 62. Kh4 Rc4 63. Bd2 Rd4 64. Bg5+ Ke8 65. Bf6 Ra4 66. Bxg4 Kf8 67. Bd8 Ra7 68. Kg5 Kg7 69. Bf6+ Kf8 70. Kf5 Kf7 71. Bh5+ Kf8 72. Ke6 1-0

[Event "Wch Seniors 50 29th"]
[Site "Bucharest"]
[Date "2019.11.15"]
[Round "4"]
[White "Minescu, Dragos Olivar"]
[Black "Verciuc, Nicolae"]
[Result "1/2-1/2"]
[WhiteElo "2046"]
[BlackElo "1878"]
[PlyCount "120"]
[EventDate "2019.11.12"]
[EventType "swiss"]
[EventRounds "11"]
[EventCountry "ROU"]
[SourceTitle "CBM 193 Extra"]
[Source "ChessBase"]
[SourceDate "2020.01.31"]
[SourceVersion "1"]
[SourceVersionDate "2020.01.31"]
[SourceQuality "1"]

1. c4 g6 2. Nc3 c5 3. g3 Bg7 4. Bg2 Nc6 5. e3 e6 6. Nge2 Nge7 7. Nf4 0-0 8. 0-0 d6 9. a3 e5 10. Nfd5 Nxd5 11. Nxd5 Ne7 12. Rb1 Nxd5 13. Bxd5 Rb8 14. b4 b6 15. bxc5 dxc5 16. e4 Kh8 17. Kg2 Qd7 18. d3 Qh3+ 19. Kg1 f5 20. f3 f4 21. gxf4 Rxf4 22. Bxf4 exf4 23. Qa4 Bd4+ 24. Kh1 Qd7 25. Qxd7 Bxd7 26. Rfe1 Be5 27. Re2 Kg7 28. a4 a5 29. Ra2 Kf6 30. Ra3 Ke7 31. Kg2 Kd6 32. Kf2 Kc7 33. Ke2 Bd4 34. h4 Rf8 35. Rh1 h6 36. Ra2 g5 37. hxg5 hxg5 38. Rh7 Rh8 39. Rxh8 Bxh8 40. Bf7 g4 41. Kf2 g3+ 42. Kg2 Bd4 43. Bh5 Be5 44. Bg4 Be8 45. Kh3 Kb7 46. Bf5 Kc7 47. Kg4 Bxa4 48. d4 Bb3 49. Rb2 Bxd4 50. Rxb3 g2 51. Rb1 g1Q+ 52. Rxg1 Bxg1 53. Kxf4 a4 54. e5 Bh2+ 55. Ke3 Bxe5 56. Bc2 a3 57. Bb3 Kc6 58. f4 Bf6 59. Ba2 Bb2 60. Ke2 Bd4 1/2-1/2

[Event "ROM-ch"]
[Site "Olanesti"]
[Date "2019.03.10"]
[Round "9"]
[White "Vrencian, Lehel"]
[Black "Minescu, Dragos Olivar"]
[Result "1-0"]
[WhiteElo "2304"]
[BlackElo "2035"]
[PlyCount "69"]
[EventDate "2019.03.02"]
[EventType "swiss"]
[EventRounds "9"]
[EventCountry "ROU"]
[SourceTitle "CBM 189 Extra"]
[Source "ChessBase"]
[SourceDate "2019.06.03"]
[SourceVersion "1"]
[SourceVersionDate "2019.06.03"]
[SourceQuality "1"]

1. e4 d6 2. d4 Nf6 3. Nc3 e5 4. Nf3 Nbd7 5. Rg1 c6 6. g4 exd4 7. Nxd4 Nc5 8. Qe2 Qe7 9. f3 g6 10. g5 Nh5 11. Be3 Bg7 12. 0-0-0 0-0 13. Qd2 Ne6 14. Nde2 Rd8 15. f4 f5 16. gxf6 Qxf6 17. Bg2 Rf8 18. Rdf1 Bh6 19. e5 dxe5 20. Ne4 Qd8 21. fxe5 Qxd2+ 22. Bxd2 Bxd2+ 23. Kxd2 Bd7 24. Bf3 Neg7 25. Nd4 Bh3 26. Rf2 Rae8 27. Rg5 Kh8 28. b4 Bf5 29. Nd6 Rxe5 30. Bxh5 Rd5 31. N6xf5 Nxf5 32. c3 gxh5 33. Rgxf5 Rfxf5 34. Rxf5 Rxf5 35. Nxf5 1-0

[Event "ROM-ch"]
[Site "Olanesti"]
[Date "2019.03.07"]
[Round "6"]
[White "Minescu, Dragos Olivar"]
[Black "Martian, Dragos Daniel"]
[Result "0-1"]
[WhiteElo "2035"]
[BlackElo "2228"]
[PlyCount "84"]
[EventDate "2019.03.02"]
[EventType "swiss"]
[EventRounds "9"]
[EventCountry "ROU"]
[SourceTitle "CBM 189 Extra"]
[Source "ChessBase"]
[SourceDate "2019.06.03"]
[SourceVersion "1"]
[SourceVersionDate "2019.06.03"]
[SourceQuality "1"]

1. b3 Nf6 2. Bb2 e6 3. f4 c5 4. Nf3 b6 5. g3 Bb7 6. Bg2 Be7 7. a4 a6 8. 0-0 0-0 9. d3 Qc7 10. e4 d6 11. Nbd2 Nc6 12. Qe2 Rae8 13. h3 Nh5 14. Kh2 f5 15. e5 d5 16. Ng5 Bxg5 17. Qxh5 Be7 18. h4 Nb4 19. Qd1 d4 20. Bxb7 Qxb7 21. Nf3 Rd8 22. Bc1 b5 23. Bd2 Nd5 24. Qe2 Qc6 25. Ra2 Ra8 26. Rfa1 Rfd8 27. Qg2 Bf8 28. Ng1 Qe8 29. Ne2 Rac8 30. axb5 axb5 31. Ra5 Ra8 32. c4 dxc3 33. Rxa8 Rxa8 34. Rxa8 Qxa8 35. Nxc3 Qc6 36. g4 fxg4 37. f5 Ne7 38. Qxc6 Nxc6 39. fxe6 Nxe5 40. Nxb5 Nf3+ 41. Kg3 Nxd2 42. Kxg4 Nxb3 0-1

[Event "ROM-ch"]
[Site "Olanesti"]
[Date "2019.03.04"]
[Round "3"]
[White "Dicu, Razvan Stefan"]
[Black "Minescu, Dragos Olivar"]
[Result "1/2-1/2"]
[WhiteElo "2303"]
[BlackElo "2035"]
[PlyCount "99"]
[EventDate "2019.03.02"]
[EventType "swiss"]
[EventRounds "9"]
[EventCountry "ROU"]
[SourceTitle "CBM 189 Extra"]
[Source "ChessBase"]
[SourceDate "2019.06.03"]
[SourceVersion "1"]
[SourceVersionDate "2019.06.03"]
[SourceQuality "1"]

1. e4 d6 2. d4 Nf6 3. Nc3 e5 4. Nf3 Nbd7 5. Bc4 Be7 6. 0-0 0-0 7. Re1 c6 8. a4 a5 9. h3 h6 10. b3 Re8 11. Bb2 Qc7 12. dxe5 dxe5 13. Nh4 Nb6 14. Bf1 g6 15. Qf3 Be6 16. Qe3 Kh7 17. Rad1 Rad8 18. Bc1 Ng8 19. Rxd8 Rxd8 20. Nf3 Nd7 21. Rd1 f6 22. Ne1 Nc5 23. Rxd8 Qxd8 24. Nd3 Qd4 25. Qxd4 exd4 26. Nxc5 Bxc5 27. Ne2 g5 28. Bd2 d3 29. cxd3 Bxb3 30. Bxa5 Bxa4 31. d4 Bd6 32. Nc3 Bb3 33. Bd3 Kg7 34. Ne2 b5 35. g3 Be6 36. Kg2 Ne7 37. f4 gxf4 38. gxf4 f5 39. e5 Ba3 40. Bd8 Nd5 41. Kf3 Bb2 42. h4 b4 43. Ng3 Bxd4 44. Nxf5+ Bxf5 45. Bxf5 Be3 46. Be4 Bxf4 47. Bxd5 Bxe5 48. Bxc6 Bf6 49. Ba5 Bxh4 50. Bxb4 1/2-1/2

[Event "Calvia Amateur op 7th"]
[Site "Calvia"]
[Date "2010.10.10"]
[Round "2"]
[White "Spence, David"]
[Black "Minescu, Dragos Olivar"]
[Result "1-0"]
[WhiteElo "2225"]
[BlackElo "2098"]
[PlyCount "59"]
[EventDate "2010.10.09"]
[EventType "swiss"]
[EventRounds "9"]
[EventCountry "ESP"]
[SourceTitle "EXT 2011"]
[Source "ChessBase"]
[SourceDate "2010.11.26"]
[SourceVersion "1"]
[SourceVersionDate "2010.11.26"]
[SourceQuality "1"]

1. e4 g6 2. d4 Bg7 3. Nc3 d6 4. Bg5 Nd7 5. Qd2 h6 6. Be3 Ngf6 7. h3 a6 8. Nf3 b5 9. e5 b4 10. Nd1 Nd5 11. e6 fxe6 12. Bd3 Nf8 13. Nh4 g5 14. Ng6 Nxg6 15. Bxg6+ Kd7 16. h4 a5 17. c4 bxc3 18. Nxc3 Bb7 19. Ne4 Bf6 20. 0-0-0 Qg8 21. h5 Qg7 22. Kb1 Rhb8 23. Rhe1 Ra6 24. Qe2 Rb6 25. Rd2 Ba6 26. Qg4 Rxb2+ 27. Rxb2 Rxb2+ 28. Kxb2 Bxd4+ 29. Kc2 Nb4+ 30. Kb3 1-0

[Event "Calvia Amateur op 7th"]
[Site "Calvia"]
[Date "2010.10.09"]
[Round "1"]
[White "Minescu, Dragos Olivar"]
[Black "Navarrete Abraham, Jorge"]
[Result "1-0"]
[WhiteElo "2098"]
[BlackElo "1716"]
[PlyCount "43"]
[EventDate "2010.10.09"]
[EventType "swiss"]
[EventRounds "9"]
[EventCountry "ESP"]
[SourceTitle "EXT 2011"]
[Source "ChessBase"]
[SourceDate "2010.11.26"]
[SourceVersion "1"]
[SourceVersionDate "2010.11.26"]
[SourceQuality "1"]

1. c4 c5 2. Nc3 Nc6 3. g3 g6 4. Bg2 Bg7 5. d3 Nf6 6. e4 0-0 7. Nge2 d6 8. h3 Nd7 9. Be3 Nde5 10. 0-0 Nb4 11. f4 Nexd3 12. b3 Bd4 13. Nxd4 cxd4 14. Bxd4 e5 15. Be3 exf4 16. gxf4 f5 17. a3 Qf6 18. e5 dxe5 19. axb4 Nxf4 20. Bxf4 exf4 21. Nd5 Qh4 22. Rxf4 1-0

[Event "Calvia Amateur op 5th"]
[Site "Calvia"]
[Date "2008.10.12"]
[Round "3"]
[White "Minescu, Dragos Olivar"]
[Black "Lopez Colon, Francisco"]
[Result "0-1"]
[WhiteElo "2130"]
[BlackElo "2249"]
[PlyCount "72"]
[EventDate "2008.10.10"]
[EventType "swiss"]
[EventRounds "9"]
[EventCountry "ESP"]
[SourceTitle "CBM 126 Extra"]
[Source "ChessBase"]
[SourceDate "2008.11.05"]
[SourceVersion "1"]
[SourceVersionDate "2008.11.05"]
[SourceQuality "1"]

1. c4 c5 2. Nc3 Nc6 3. g3 g6 4. Bg2 Bg7 5. e4 e5 6. Nge2 Nge7 7. d3 d6 8. 0-0 0-0 9. a3 Be6 10. Nd5 f5 11. Rb1 a5 12. Bd2 Rb8 13. b4 axb4 14. axb4 Bxd5 15. cxd5 Nxb4 16. Bxb4 cxb4 17. Rxb4 f4 18. Bh3 h5 19. Qb3 b6 20. Rc1 f3 21. Nc3 Bh6 22. Rc2 h4 23. Nb5 Rc8 24. Bxc8 Nxc8 25. d4 Qd7 26. Qd3 Qh3 27. Qf1 Qg4 28. dxe5 hxg3 29. hxg3 Be3 30. fxe3 Qxg3+ 31. Kh1 f2 32. Nd4 dxe5 33. Ne6 Rf6 34. Rxc8+ Kh7 35. Rc7+ Kh6 36. Nf4 exf4 0-1

[Event "ROM-ch"]
[Site "Cluj"]
[Date "2008.02.27"]
[Round "4"]
[White "Nanu, Ciprian Costica"]
[Black "Minescu, Dragos Olivar"]
[Result "1-0"]
[WhiteElo "2527"]
[BlackElo "2158"]
[PlyCount "101"]
[EventDate "2008.02.25"]
[EventType "swiss"]
[EventRounds "9"]
[EventCountry "ROU"]
[SourceTitle "CBM 123 Extra"]
[Source "ChessBase"]
[SourceDate "2008.05.06"]
[SourceVersion "1"]
[SourceVersionDate "2008.05.06"]
[SourceQuality "1"]

1. d4 d6 2. Nf3 Nf6 3. c4 Nbd7 4. g3 e5 5. Bg2 c6 6. Nc3 Be7 7. 0-0 0-0 8. e4 Re8 9. h3 Bf8 10. Be3 Qc7 11. Re1 a5 12. Qc2 exd4 13. Nxd4 Nc5 14. Rad1 h6 15. f4 Be6 16. b3 Rad8 17. Nxe6 Nxe6 18. Na4 Nd7 19. Qf2 Nec5 20. Nxc5 Nxc5 21. Bd4 Qb6 22. Qd2 Qc7 23. Kh2 Ne6 24. Bc3 Ra8 25. Qe2 Nc5 26. Qg4 Qc8 27. Qf3 Qc7 28. Re2 Re7 29. Rde1 Rae8 30. Re3 Qb6 31. Qd1 Rd7 32. Qg4 Qc7 33. h4 Rdd8 34. a3 a4 35. b4 Nb3 36. f5 Re5 37. Rd1 c5 38. Red3 Be7 39. bxc5 Nxc5 40. Bxe5 dxe5 41. Rxd8+ Bxd8 42. Rd5 Be7 43. Qd1 b6 44. Kh3 Qb8 45. Qa1 f6 46. Qd1 Qf8 47. Bf3 Kh8 48. Qb1 Qb8 49. Qb5 Kg8 50. Qc6 Kh8 51. Rd1 1-0

[Event "Calvia Amateur op 4th"]
[Site "Calvia"]
[Date "2007.10.11"]
[Round "6"]
[White "Minescu, Dragos Olivar"]
[Black "Anibal, Joaquim"]
[Result "1/2-1/2"]
[WhiteElo "2143"]
[BlackElo "2186"]
[PlyCount "72"]
[EventDate "2007.10.06"]
[EventType "swiss"]
[EventRounds "9"]
[EventCountry "ESP"]
[SourceTitle "CBM 120 Extra"]
[Source "ChessBase"]
[SourceDate "2007.11.01"]
[SourceVersion "1"]
[SourceVersionDate "2007.11.01"]
[SourceQuality "1"]

1. c4 Nf6 2. Nc3 g6 3. e4 d6 4. g3 Bg7 5. Bg2 0-0 6. Nge2 c5 7. 0-0 Nc6 8. d3 Bd7 9. h3 Qc8 10. Kh2 e5 11. Nd5 Nxd5 12. cxd5 Nd8 13. Be3 b6 14. Qd2 f6 15. f4 Nf7 16. Rac1 Qe8 17. f5 g5 18. Bf3 Qe7 19. Bh5 Be8 20. g4 Rc8 21. Ng3 Rc7 22. Kg2 Bb5 23. Bxf7+ Rxf7 24. Rh1 a5 25. h4 h6 26. hxg5 hxg5 27. Kf3 Bf8 28. Rh3 Rh7 29. Rxh7 Qxh7 30. Rh1 Qe7 31. Qh2 Qh7 32. Nh5 Be7 33. Qd2 Qf7 34. Ng3 Qg7 35. Nh5 Qf7 36. Ng3 Qg7 1/2-1/2

[Event "EU-ch 8th"]
[Site "Dresden"]
[Date "2007.04.12"]
[Round "9"]
[White "Minescu, Dragos Olivar"]
[Black "Rahls, Peter"]
[Result "1-0"]
[WhiteElo "2152"]
[BlackElo "2322"]
[PlyCount "73"]
[EventDate "2007.04.03"]
[EventType "swiss"]
[EventRounds "11"]
[EventCountry "GER"]
[SourceTitle "CBM 118"]
[Source "ChessBase"]
[SourceDate "2007.05.31"]
[SourceVersion "1"]
[SourceVersionDate "2007.05.31"]
[SourceQuality "1"]

1. c4 e5 2. Nc3 Nf6 3. Nf3 Nc6 4. d4 e4 5. Ng5 Bb4 6. d5 Na5 7. e3 h6 8. Nh3 0-0 9. Bd2 Qe7 10. a3 Bxc3 11. Bxc3 b6 12. Nf4 d6 13. b4 Nb7 14. h4 Nd8 15. Be2 Ne8 16. g4 g6 17. Qd4 Kh7 18. 0-0-0 a5 19. b5 Nb7 20. Rh2 Nc5 21. Kc2 Nd3 22. Nxd3 exd3+ 23. Bxd3 f5 24. h5 g5 25. f4 Nf6 26. gxf5 Bd7 27. Rg1 Rae8 28. fxg5 hxg5 29. Rxg5 Qxe3 30. Qxe3 Rxe3 31. h6 Re7 32. Rg6 Re5 33. Bxe5 dxe5 34. Rg7+ Kh8 35. Re7 e4 36. Bxe4 Bc8 37. Bd3 1-0

[Event "EU-ch 8th"]
[Site "Dresden"]
[Date "2007.04.06"]
[Round "4"]
[White "Minescu, Dragos Olivar"]
[Black "Chapman, Alan John"]
[Result "1-0"]
[WhiteElo "2152"]
[BlackElo "2058"]
[PlyCount "85"]
[EventDate "2007.04.03"]
[EventType "swiss"]
[EventRounds "11"]
[EventCountry "GER"]
[SourceTitle "CBM 118"]
[Source "ChessBase"]
[SourceDate "2007.05.31"]
[SourceVersion "1"]
[SourceVersionDate "2007.05.31"]
[SourceQuality "1"]

1. c4 e5 2. Nc3 d6 3. Nf3 f5 4. d4 e4 5. Ng1 c6 6. g3 Nf6 7. h4 Be7 8. Nh3 Na6 9. Bg5 Be6 10. e3 Qb6 11. Qd2 Bf7 12. Nf4 0-0 13. Be2 Rae8 14. Na4 Qd8 15. b4 Nc7 16. Nc3 Nd7 17. Bxe7 Qxe7 18. a4 c5 19. Nb5 Nxb5 20. axb5 cxd4 21. Qxd4 b6 22. Rxa7 Kh8 23. 0-0 Rc8 24. Rd1 Qe8 25. Qxd6 Bxc4 26. Qxd7 Qe5 27. Bxc4 Rxc4 28. Ne6 f4 29. exf4 Qb2 30. Nxf8 e3 31. Qxg7+ Qxg7 32. Rxg7 Kxg7 33. Ne6+ Kf6 34. Nd4 exf2+ 35. Kxf2 Rxb4 36. g4 h6 37. g5+ hxg5 38. hxg5+ Kg6 39. Kf3 Rb2 40. Rc1 Rb4 41. Rc6+ Kf7 42. g6+ Kg8 43. Nf5 1-0

[Event "ROM-ch"]
[Site "Baile Tusnad"]
[Date "2005.11.26"]
[Round "1"]
[White "Grunberg, Mihai Lucian"]
[Black "Minescu, Dragos Olivar"]
[Result "1-0"]
[WhiteElo "2409"]
[BlackElo "2200"]
[PlyCount "74"]
[EventDate "2005.11.26"]
[EventType "swiss"]
[EventRounds "11"]
[EventCountry "ROU"]
[SourceTitle "CBM 109 Extra"]
[Source "ChessBase"]
[SourceDate "2006.01.03"]
[SourceVersion "2"]
[SourceVersionDate "2006.01.03"]
[SourceQuality "1"]

1. d4 d6 2. e4 Nf6 3. Nc3 e5 4. dxe5 dxe5 5. Qxd8+ Kxd8 6. Bc4 Be6 7. Bxe6 fxe6 8. Bg5 a6 9. 0-0-0+ Bd6 10. f4 Nbd7 11. Nf3 Ke7 12. f5 Rae8 13. Bh4 h6 14. g4 Kd8 15. h3 Kc8 16. Bf2 Bb4 17. Rhe1 Bxc3 18. bxc3 Rhg8 19. Re2 b6 20. Rde1 exf5 21. exf5 Nd5 22. Kb2 Nf4 23. Re4 Nxh3 24. Bg3 g6 25. Bxe5 Nf2 26. Rc4 Nxe5 27. Rxe5 Rxe5 28. Nxe5 gxf5 29. gxf5 Rf8 30. Rf4 Nh3 31. Rf1 Ng5 32. c4 c5 33. a4 Nf7 34. Ng6 Re8 35. f6 Re6 36. Ne7+ Kd7 37. Nd5 Kc6 1-0

[Event "ROM-chT"]
[Site "Baile Tusnad"]
[Date "2005.05.27"]
[Round "7"]
[White "Minescu, Dragos Olivar"]
[Black "Marin, Mihail"]
[Result "0-1"]
[WhiteElo "2166"]
[BlackElo "2530"]
[PlyCount "72"]
[EventDate "2005.05.21"]
[EventType "team"]
[EventRounds "9"]
[EventCountry "ROU"]
[SourceTitle "CBM 106 Extra"]
[Source "ChessBase"]
[SourceDate "2005.07.01"]
[SourceVersion "1"]
[SourceVersionDate "2005.07.01"]
[SourceQuality "1"]

1. c4 g6 2. Nc3 Bg7 3. d4 c5 4. d5 d6 5. e4 Nf6 6. f4 0-0 7. Nf3 e6 8. Be2 exd5 9. cxd5 Nbd7 10. 0-0 Re8 11. Nd2 c4 12. e5 dxe5 13. Nxc4 Nb6 14. fxe5 Nfxd5 15. Nd6 Nxc3 16. bxc3 Rf8 17. Ba3 Be6 18. Nxb7 Qc7 19. Bxf8 Rxf8 20. Nd6 Bxe5 21. Nb5 Qb8 22. Nd4 Bxh2+ 23. Kh1 Bd5 24. Bf3 Bc4 25. Be2 Bd6 26. Bxc4 Nxc4 27. Qe2 Qc8 28. Rae1 Qc5 29. Rf3 h5 30. Rh3 Ne5 31. Nf5 Ng4 32. Nxd6 Nf2+ 33. Kh2 Qxd6+ 34. Rg3 Ng4+ 35. Kh3 Ra8 36. Rd1 Qxd1 0-1

[Event "ROM-chT"]
[Site "Baile Tusnad"]
[Date "2005.05.26"]
[Round "6"]
[White "Balogh, Csaba"]
[Black "Minescu, Dragos Olivar"]
[Result "1-0"]
[WhiteElo "2531"]
[BlackElo "2166"]
[PlyCount "57"]
[EventDate "2005.05.21"]
[EventType "team"]
[EventRounds "9"]
[EventCountry "ROU"]
[SourceTitle "CBM 106 Extra"]
[Source "ChessBase"]
[SourceDate "2005.07.01"]
[SourceVersion "1"]
[SourceVersionDate "2005.07.01"]
[SourceQuality "1"]

1. e4 c5 2. Nf3 d6 3. Nc3 Nf6 4. d4 cxd4 5. Qxd4 Nc6 6. Bb5 Bd7 7. Bxc6 Bxc6 8. Bg5 e6 9. 0-0-0 Be7 10. Qd3 0-0 11. Nd4 a6 12. f3 Rc8 13. h4 b5 14. Kb1 Qc7 15. Nce2 Bb7 16. g4 d5 17. e5 Ne8 18. f4 Bc5 19. h5 Qb6 20. f5 exf5 21. gxf5 f6 22. exf6 Nxf6 23. h6 Ne4 24. hxg7 Rf7 25. Ne6 Nf2 26. Rxh7 Qxe6 27. fxe6 Nxd3 28. exf7+ Kxh7 29. g8Q+ 1-0